00303nam a22001097a 4500020001800000040000900018082001700027100001700044245005100061260003000112650005100142 a9780471392002 cNUST a621.366bLON aHong K. Choi aLong -Wavelength Infrared Semiconductor Lasers aU.S.A:bJohn Wiley,c2004 aLong -Wavelength Infrared Semiconductor Lasers